[Event "SRI-chB"]
[Site "Narahenpita"]
[Date "2017.05.19"]
[Round "6"]
[White "Aktar, MR."]
[Black "Haputhanthri, HLNB"]
[Result "1-0"]
[WhiteElo "1820"]
[BlackElo "1618"]
[PlyCount "81"]
[EventDate "2017.05.12"]
[EventType "swiss"]
[EventRounds "10"]
[EventCountry "SRI"]
[SourceTitle "CBM 178 Extra"]
[Source "ChessBase"]
[SourceDate "2017.06.22"]
[SourceVersion "1"]
[SourceVersionDate "2017.06.22"]
[SourceQuality "1"]

1. d4 d5 2. Nf3 e6 3. Bf4 Nf6 4. e3 Be7 5. Bd3 0-0 6. h4 Bd6 7. Ne5 Nc6 8. Nd2 Qe7 9. c3 Nd7 10. Ndf3 f6 11. Bxh7+ Kxh7 12. Ng5+ Kg8 13. Qh5 fxg5 14. hxg5 Ncxe5 15. dxe5 Rf5 16. exd6 cxd6 17. g4 Re5 18. Bxe5 Nxe5 19. g6 Nxg6 20. Qxg6 e5 21. Qh5 Qe6 22. g5 Kf8 23. Qf3+ Qf7 24. Rh8+ Ke7 25. Qxf7+ Kxf7 26. f4 b6 27. Kf2 Bb7 28. Rxa8 Bxa8 29. Kg3 g6 30. Rf1 e4 31. f5 Bb7 32. fxg6+ Kxg6 33. Kh4 Ba6 34. Rf6+ Kg7 35. Rxd6 Bc4 36. b3 Bd3 37. g6 Bb1 38. Kg5 Bxa2 39. Rd7+ Kf8 40. g7+ Ke8 41. Rxa7 1-0